Small unit actions during the German campaign in Russia; (Record no. 544076)

000 -LEADER
fixed length control field 01059cam a22001811 4500
082 ## - DEWEY DECIMAL CLASSIFICATION NUMBER
Classification number 940.542
Author Mark DEP
100 ## - MAIN ENTRY--PERSONAL NAME
Personal name Deppt of Asmy
9 (RLIN) 39619
245 00 - TITLE STATEMENT
Title Small unit actions during the German campaign in Russia;
Remainder of title [historical study.
260 ## - PUBLICATION, DISTRIBUTION, ETC.
Place of publication, distribution, etc. Washington]
Name of publisher, distributor, etc. Dept. of the Army,
Date of publication, distribution, etc. 1953.
300 ## - PHYSICAL DESCRIPTION
Extent x, 289 p.
Other physical details illus., maps (part fold.)
Dimensions 23 cm.
500 ## - GENERAL NOTE
General note Based on German narratives of personal experiences written under the supervision of General Franz Halder, chief of the German Army General Staff and translated in the Historical Division USAREUR. Rewritten, edited and arranged by George E. Blau, and others of the Writing and Translation Section under the direction of M. C. Helfers, chief of the Foreign Studies Branch, Special Studies Division, Office of the Chief of Military History.
500 ## - GENERAL NOTE
General note Dept. of the Army pamphlet no. 20-269.
526 ## - STUDY PROGRAM INFORMATION NOTE
Program name 0
Interest level 0
Reading level 0
Title point value 940_542000000000000_DEP
650 #0 - SUBJECT ADDED ENTRY--TOPICAL TERM
Topical term or geographic name entry element MCE
Geographic subdivision Germany.
9 (RLIN) 39620
650 #0 - SUBJECT ADDED ENTRY--TOPICAL TERM
Topical term or geographic name entry element World War, 1939-1945
General subdivision Campaigns
Geographic subdivision Soviet Union.
9 (RLIN) 39621
710 1# - ADDED ENTRY--CORPORATE NAME
Corporate name or jurisdiction name as entry element United States.
9 (RLIN) 21185
942 ## - ADDED ENTRY ELEMENTS (KOHA)
Source of classification or shelving scheme
Koha item type Book
Holdings
Withdrawn status Lost status Source of classification or shelving scheme Damaged status Not for loan Permanent Location Current Location Date acquired Total Checkouts Full call number Barcode Date last seen Price effective from Koha item type
          Military College of Engineering (MCE) Military College of Engineering (MCE) 04/10/2014   940.542 DEP MCE-3872/1 04/10/2014 04/10/2014 Book
© 2023 Central Library, National University of Sciences and Technology. All Rights Reserved.